000
00279nam a22001217a 4500
082
_a
158
_b
CAR/H
100
_a
CARNEGIE,DALE
245
_a
HOW TO ENJOY YOUR LIFE AND YOUR JOB
260
_a
UK
_b
POCKET BOOKS
300
_a
220
650
_a
PERSONALITY DEVELOPMENT
_z
UK
942
_c
BK
999
_c
5211
_d
5211